| 000 | 00436nab a2200145Ia 4500 | ||
|---|---|---|---|
| 003 | ES-SlBCS | ||
| 005 | 20210717170727.0 | ||
| 008 | 140529s2012 xxu||||| |||| 00| 0 spa d | ||
| 041 | _aspa | ||
| 100 | 1 |
_aGarcía, Loli _9328688 |
|
| 245 | 0 | 0 |
_aLa autoevaluación como vía de desarrollo profesional docente _c Loli García |
| 650 | 0 | 4 |
_aAutoevaluación _9184010 |
| 773 | 0 |
_tEducadores _gnº. 244, 2012, págs. 32-44 _wRev370 |
|
| 942 | _cAR | ||
| 999 |
_c750186 _d750186 |
||